[Event "Bundesliga 2013-14"]
[Site "Bremen GER"]
[Date "2013.10.12"]
[Round "1"]
[White "Ftacnik,L"]
[Black "Gonda,L"]
[Result "1/2-1/2"]
[WhiteElo "2546"]
[BlackElo "2535"]

1.Nf3 d5 2.d4 Nf6 3.c4 c6 4.Nc3 e6 5.e3 Nbd7 6.Qc2 Bd6 7.Bd3 O-O 8.O-O dxc4
9.Bxc4 b5 10.Be2 Bb7 11.Rd1 Qc7 12.Bd2 b4 13.Ne4 Nxe4 14.Qxe4 c5 15.Qh4 Nf6
16.Rac1 Qe7 17.dxc5 Bxc5 18.Ne5 a5 19.Bf3 Rfc8 20.Be1 Bxf3 21.Nxf3 Qb7 22.Ne5 Nd5
23.Qe4 Be7 24.Qf3 Bf6 25.Nc4 Qa6  1/2-1/2

[Event "Bundesliga 2013-14"]
[Site "Bremen GER"]
[Date "2013.10.12"]
[Round "1"]
[White "Bluebaum,M"]
[Black "Andersen,Mad"]
[Result "1-0"]
[WhiteElo "2510"]
[BlackElo "2476"]

1.d4 d5 2.c4 c6 3.Nc3 Nf6 4.e3 e6 5.Nf3 a6 6.Qc2 c5 7.cxd5 exd5 8.Be2 Be6
9.O-O Nc6 10.Rd1 Nb4 11.Qb1 Qc8 12.Bd2 Bf5 13.Qc1 c4 14.a3 Nd3 15.Bxd3 Bxd3
16.Ne5 Bg6 17.e4 dxe4 18.Na4 Qe6 19.Nxc4 b5 20.Ncb6 Rd8 21.d5 Nxd5 22.Ba5 Be7
23.Nc5 Qc6 24.Nxa6 Qxc1 25.Raxc1 Nf4 26.Rxd8+ Bxd8 27.Rc8 Ne6 28.Nb8 f5 29.Nc6 Rf8
30.Ne5 f4 31.Nd5 Rf5 32.Nc7+ Ke7 33.Bb4+ Kf6 34.Nd7+ Kf7 35.Nxe6 Be7 36.Nd8+ Bxd8
37.Rxd8 Rd5 38.h3 e3 39.fxe3 fxe3 40.Rf8+ Ke6 41.Nc5+ Ke5 42.Rf1 Bc2 43.Re1 Kf4
44.Ne6+ Ke4 45.Bc5 Rd3 46.Ba7 Rd1 47.Rxd1 Bxd1 48.Nxg7 Bb3 49.Nh5 Kd3 50.Nf4+ Kd2
51.Bd4 e2 52.Bc3+ Ke3 53.Nh5 Bf7 54.Nf6 h5 55.Be1 Bg6 56.Nd5+  1-0

[Event "3rd Central Asia Cup"]
[Site "Dushanbe TJK"]
[Date "2013.10.12"]
[Round "1.18"]
[White "Gevorgyan,I"]
[Black "Nuraliev,F"]
[Result "1/2-1/2"]
[WhiteElo "2168"]
[BlackElo "2145"]

1.Nf3 d5 2.d4 Nf6 3.c4 c6 4.e3 e6 5.Nc3 Bb4 6.Qb3 Ba5 7.Bd2 O-O 8.Bd3 Nbd7
9.O-O Re8 10.Rad1 Bc7 11.e4 dxe4 12.Nxe4 h6 13.Bc3 Nxe4 14.Bxe4 Nf6 15.Bb1 Ba5
16.Rfe1 Bxc3 17.Qxc3 Qc7 18.Qc2 Rd8 19.Ne5 Bd7 20.Re3 Be8 21.Rf3 Kf8 22.Qc1 Qe7
23.c5 b6 24.b4 bxc5 25.bxc5 Rab8 26.Be4 Rdc8 27.Bc2 Rb4 28.Bb3 Rd8 29.Nc4 Nd5
30.Nd6 a5 31.Bxd5 cxd5 32.a3 Rbb8 33.Re1 a4 34.Qc2 Kg8 35.h3 Qc7 36.Nxe8 Rxe8
37.Qxa4 e5 38.Rc1 Re6 39.dxe5 Rxe5 40.Qd4 Rbe8 41.Rg3 g6 42.Re3 Rxe3 43.fxe3 Qc6
44.Qf4 Qa6 45.Rf1 Re7 46.a4 Qc6 47.Rc1 Re6 48.a5 Qb5 49.Rf1 Qb7 50.Qxh6 Rc6
51.Qg5 Rxc5 52.Qd8+ Kg7 53.Qf6+ Kg8 54.a6 Qa7 55.Rf4 Rc4 56.Rd4 Rc1+ 57.Kh2 Qc7+
58.Rf4 Rc6 59.Qg5 Rxa6 60.h4 Ra4 61.Kg3 Rxf4 62.Qxf4 Qe7  1/2-1/2

[Event "Bundesliga 2013-14"]
[Site "Emsdetten GER"]
[Date "2013.10.12"]
[Round "1"]
[White "Baramidze,D"]
[Black "Negi,P"]
[Result "1/2-1/2"]
[WhiteElo "2613"]
[BlackElo "2671"]

1.d4 d5 2.c4 c6 3.Nf3 Nf6 4.Nc3 e6 5.e3 Nbd7 6.Qc2 Bd6 7.Bd3 O-O 8.O-O dxc4
9.Bxc4 b5 10.Bd3 Bb7 11.Ng5 h6 12.Nge4 Nxe4 13.Nxe4 Be7 14.Rd1 Qb6 15.a4 a6
16.a5 Qa7 17.Bd2 c5 18.Nxc5 Nxc5 19.dxc5 Qxc5 20.Qxc5 Bxc5 21.Rac1 Rac8 22.b4 Be7
23.Be1 Bd5 24.f3 Bb3 25.Rxc8 Rxc8 26.Rb1 Bd5 27.e4 Bb7 28.Kf2 Kf8 29.Ke2 Ke8
30.Bd2 Bd6 31.g3 Ke7 32.Rb2 f6 33.Rc2 e5 34.Rxc8  1/2-1/2

[Event "Bundesliga 2013-14"]
[Site "Emsdetten GER"]
[Date "2013.10.12"]
[Round "1"]
[White "Kasimdzhanov,R"]
[Black "Dubov,Danii"]
[Result "1/2-1/2"]
[WhiteElo "2699"]
[BlackElo "2641"]

1.d4 d5 2.c4 c6 3.Nf3 Nf6 4.Nc3 e6 5.e3 Nbd7 6.Qc2 Bd6 7.b3 O-O 8.Be2 b6
9.O-O Bb7 10.Bb2 Qe7 11.Rad1 Rac8 12.e4 Nxe4 13.Nxe4 dxe4 14.Qxe4 Nf6 15.Qh4 c5
16.Rfe1 Bxf3 17.Bxf3 cxd4 18.Rxd4 Ba3 19.Ba1 Rfd8 20.Qf4 Bd6 21.Qc1 Bc5 22.Rdd1 Ra8  1/2-1/2

[Event "Indonesia Open 2013"]
[Site "Jakarta INA"]
[Date "2013.10.12"]
[Round "3.50"]
[White "Surya,W"]
[Black "Marentek,H"]
[Result "1-0"]
[WhiteElo "2279"]
[BlackElo "2208"]

1.d4 d5 2.Nf3 Nf6 3.c4 c6 4.Nc3 e6 5.e3 Bd6 6.Qc2 O-O 7.Bd3 dxc4 8.Bxc4 Nbd7
9.O-O e5 10.Rd1 Qe7 11.h3 exd4 12.exd4 Nb6 13.Bb3 Be6 14.Bxe6 Qxe6 15.Re1 Qd7
16.Bg5 Nbd5 17.Ne5 Qc7 18.Qf5 Rfe8 19.Re2 Nxc3 20.bxc3 Bxe5 21.dxe5 Nd5 22.c4 Nb6
23.Qg4 Qc8 24.Qg3 Qf5 25.Rae1 Nxc4 26.Re4 b5 27.Bf6 Qg6 28.Rg4 gxf6 29.Rxg6+ hxg6
30.e6 Rac8 31.exf7+ Kxf7 32.Rxe8 Rxe8 33.Qc7+ Re7 34.Qxc6 g5 35.Qxb5 Ne5
36.Qb1 Kg7 37.Qf5 Rd7 38.Qe4 Rd1+ 39.Kh2 Rd2 40.Qb7+ Rd7 41.Qb5 Rc7 42.Qa5 Rd7
43.Qa4 Rc7 44.f4 gxf4 45.Qxf4 Rc2 46.Qg3+ Kf8 47.Qa3+ Kg7 48.Qxa7+ Kg6 49.Qa8 Kg7
50.a4 Ra2 51.a5  1-0

[Event "Indonesia Open 2013"]
[Site "Jakarta INA"]
[Date "2013.10.12"]
[Round "3.14"]
[White "Mareco,S"]
[Black "Irwanto,S"]
[Result "1-0"]
[WhiteElo "2565"]
[BlackElo "2407"]

1.d4 d5 2.c4 c6 3.Nc3 Nf6 4.Nf3 e6 5.e3 Nbd7 6.Qc2 Bd6 7.Be2 O-O 8.O-O dxc4
9.Bxc4 e5 10.h3 Qe7 11.a3 b5 12.Ba2 a6 13.Ng5 Bb7 14.Rd1 Rad8 15.b4 h6 16.Nge4 Nxe4
17.Nxe4 Nf6 18.Nxf6+ Qxf6 19.Bb2 exd4 20.Rxd4 Be5 21.Bxf7+ Qxf7 22.Rxd8 Rxd8
23.Bxe5 Qd5 24.Bb2 Rd6 25.Qe2 Qd2 26.Re1 Qxe2 27.Rxe2 Kf7 28.Bd4 Bc8 29.Rc2 Be6
30.Rc5 Bd5 31.f3 g6 32.Kf2 Ke8 33.g4 Kd7 34.h4 h5 35.gxh5 gxh5 36.e4 Bf7
37.Ke3 Rh6 38.Rg5 Rh7 39.f4 Bb3  1-0

[Event "Bundesliga 2013-14"]
[Site "Munich GER"]
[Date "2013.10.12"]
[Round "1"]
[White "Landa,K"]
[Black "Schenk,An"]
[Result "1-0"]
[WhiteElo "2640"]
[BlackElo "2489"]

1.d4 d5 2.c4 e6 3.Nc3 c6 4.e3 Nf6 5.Nf3 Nbd7 6.Bd3 dxc4 7.Bxc4 b5 8.Be2 Bb7
9.O-O Bd6 10.e4 e5 11.dxe5 Nxe5 12.Nd4 O-O 13.Nf5 Bc5 14.Bg5 Qxd1 15.Raxd1 Rfd8
16.Bxf6 gxf6 17.g3 Kf8 18.Kg2 Ng6 19.Bh5 Ke8 20.e5 Bb4 21.Ne4 c5 22.Bf3 Kf8
23.Nfd6 Bc6 24.Nxf6 Bxf3+ 25.Kxf3 Nxe5+ 26.Ke4 Nd7 27.Nxh7+ Kg7 28.Ng5 c4
29.Ngxf7 Nc5+ 30.Kf3 Rf8 31.a3 Ba5 32.Rd5 Nd3 33.Rg5+ Kf6 34.Rxb5 Bc7 35.Ke4 Bb6
36.Kd5 Rxf7 37.Nxf7 Kxf7 38.Kxc4 Rd8 39.f4 Kf6 40.g4 Kg7 41.f5 Kf6 42.g5+ Kxg5
43.f6+ Kg4  1-0

[Event "Bundesliga 2013-14"]
[Site "Munich GER"]
[Date "2013.10.12"]
[Round "1"]
[White "Graf,F"]
[Black "Potkin,V"]
[Result "0-1"]
[WhiteElo "2493"]
[BlackElo "2645"]

1.d4 d5 2.c4 e6 3.Nc3 c6 4.e3 Nf6 5.Nf3 Nbd7 6.Qc2 Bd6 7.b3 O-O 8.Bd3 e5
9.cxd5 cxd5 10.Nb5 Bb4+ 11.Bd2 Bxd2+ 12.Nxd2 a6 13.Nc7 Ra7 14.O-O e4 15.Be2 Nb8
16.Rfc1 Nc6 17.Qc5 Nd7 18.Qd6 Ndb8 19.Qxd5 Qxc7 20.Nxe4 Rd8 21.Qh5 Qe7 22.Bd3 h6
23.Rc3 Nb4 24.Ng3 Nxd3 25.Rxd3 Nc6 26.Rad1 Qg5 27.Qe2 Bg4 28.f3 Bd7 29.d5 Ne7
30.Rd4 Raa8 31.Qd2 Nf5 32.f4 Qg6 33.Nxf5 Bxf5 34.Qb4 Rac8 35.R1d2 Rc1+ 36.Kf2 Qh5
37.e4 Re8  0-1

[Event "TCh-FIN SM 2013-14"]
[Site "Oulu FIN"]
[Date "2013.10.12"]
[Round "3.5"]
[White "Pihlajasalo,H"]
[Black "Ronka,E"]
[Result "1/2-1/2"]
[WhiteElo "2238"]
[BlackElo "2121"]

1.d4 d5 2.c4 e6 3.Nf3 c6 4.e3 Nf6 5.Nc3 Nbd7 6.Qc2 Bd6 7.Bd3 O-O 8.O-O dxc4
9.Bxc4 b5 10.Bd3 Bb7 11.b3 b4 12.Na4 c5 13.dxc5 Rc8 14.Qe2 Nxc5 15.Nxc5 Rxc5  1/2-1/2

[Event "Chigorin Memorial"]
[Site "St Petersburg RUS"]
[Date "2013.10.12"]
[Round "8.118"]
[White "Golubeva,Maria"]
[Black "Petrochenko,Maria"]
[Result "1-0"]
[WhiteElo "1864"]
[BlackElo "1759"]

1.d4 d5 2.c4 c6 3.Nc3 Nf6 4.e3 e6 5.Nf3 Nbd7 6.Bd3 dxc4 7.Bxc4 b5 8.Bd3 Bd6
9.e4 e5 10.Bg5 h6 11.Bxf6 Qxf6 12.d5 Bb4 13.dxc6 Bxc3+ 14.bxc3 Qxc6 15.O-O a6
16.Rc1 O-O 17.c4 b4 18.c5 Bb7 19.Bc4 Qc7 20.Bd5 Bc6 21.Bxc6 Qxc6 22.Qd5 Rac8
23.Rfd1 Nxc5 24.Nxe5 Qa4 25.Ng6 Rfe8 26.Ne5 Re7 27.h3 Rce8 28.Nxf7 Rxf7 29.Rxc5 Rxe4
30.Rc8+ Re8 31.Rdc1 Kf8 32.Rxe8+ Qxe8 33.Qd6+ Re7 34.Qxb4 Kg8 35.Kh2 Re2
36.Qg4 Qe5+ 37.f4 Qe4 38.Rc8+ Kh7 39.Rf8 Rxa2 40.Rf7 Qg6 41.Ra7 Qf6 42.Qf3 Qg6
43.Ra8 Rd2 44.Qg4 Ra2 45.Rh8+ Kxh8 46.Qxg6 a5 47.f5 Rf2 48.Kg3 Ra2 49.Qe8+ Kh7
50.Qf7 Ra3+ 51.Kh2  1-0

[Event "TCh-BEL 2013-14"]
[Site "Belgium BEL"]
[Date "2013.10.13"]
[Round "3.5"]
[White "Wiersma,E"]
[Black "Boidman,Y"]
[Result "1-0"]
[WhiteElo "2353"]
[BlackElo "2398"]

1.d4 d5 2.c4 c6 3.Nf3 Nf6 4.Nc3 e6 5.e3 Nbd7 6.Bd3 dxc4 7.Bxc4 b5 8.Bd3 a6
9.e4 c5 10.d5 c4 11.dxe6 cxd3 12.exd7+ Qxd7 13.O-O Bb7 14.Re1 Be7 15.e5 Nd5
16.Ne4 O-O 17.Qxd3 Qg4 18.Nfg5 Bxg5 19.Bxg5 h6 20.h3 Qh5 21.Bd2 Qxe5 22.Ng5 Qxe1+
23.Rxe1 hxg5 24.Bxg5 Rfe8 25.Rxe8+ Rxe8 26.Qd4 f6 27.Bd2 Kf7 28.h4 Re6 29.Qa7 Re7
30.Qb8 Rd7 31.h5 Ne7 32.Bb4 Be4 33.a3 Rd1+ 34.Kh2 Rd5 35.f3 Rxh5+ 36.Kg1 Bb1
37.Qb7 Re5 38.Qxa6 Nf5 39.Bc3 Rd5 40.Qb7+ Ke6 41.Bb4 Rd1+ 42.Kh2 Bd3 43.Qc6+ Kf7
44.Qd5+  1-0

[Event "Bundesliga 2013-14"]
[Site "Bremen GER"]
[Date "2013.10.13"]
[Round "2"]
[White "Gonda,L"]
[Black "Bluebaum,M"]
[Result "1-0"]
[WhiteElo "2535"]
[BlackElo "2510"]

1.c4 c6 2.Nf3 d5 3.e3 Nf6 4.Nc3 e6 5.d4 Nbd7 6.Qc2 Bd6 7.Bd3 O-O 8.O-O dxc4
9.Bxc4 e5 10.h3 Qe7 11.Bb3 Bc7 12.Bd2 Kh8 13.a3 a5 14.Rad1 h6 15.Nh4 Nb6
16.dxe5 Qxe5 17.f4 Qh5 18.Be1 Qc5 19.Bf2 Qe7 20.e4 Be6 21.Bxe6 Qxe6 22.e5 Nfd5
23.Ne2 Rad8 24.Nd4 Qc8 25.Qe4 Rfe8 26.Nhf5 Rd7 27.Qf3 Ne7 28.Qg4 Nxf5 29.Nxf5 Rg8
30.Qh5 Kh7 31.Bxb6 Bxb6+ 32.Kh2 Rgd8 33.Rd6 f6 34.Rxf6 gxf6 35.Qxh6+ Kg8
36.e6 Rh7 37.Qg6+  1-0

[Event "FSIM October 2013"]
[Site "Budapest HUN"]
[Date "2013.10.13"]
[Round "8.1"]
[White "Szeberenyi,A"]
[Black "Nguyen Thi Mai Hung"]
[Result "1/2-1/2"]
[WhiteElo "2328"]
[BlackElo "2204"]

1.d4 d5 2.c4 c6 3.Nc3 Nf6 4.e3 e6 5.Nf3 Nbd7 6.Qc2 Bd6 7.Bd3 O-O 8.O-O h6
9.Rd1 Qe7 10.e4 dxe4 11.Nxe4 Nxe4 12.Bxe4 Nf6 13.c5 Nxe4 14.Qxe4 Bb8 15.Ne5 Rd8
16.Bf4 Bxe5 17.Bxe5 Rd5 18.Rd3 Bd7 19.Re1 Re8 20.Rg3 f6 21.Bf4 Rh5 22.Bd6 Qf7
23.f4 Rd5 24.Rge3 Qh5 25.Qd3 Qf5 26.Re4 a6 27.Qb3 Bc8 28.h3 Qg6 29.Kh2 Kh7
30.Qc3 Bd7 31.R4e3 h5 32.Rg1 Qh6 33.Rf1 Qg6 34.Rfe1 Kg8 35.Rg3 Qf7 36.Qd3 Kh8
37.Rge3 g5 38.fxg5 Rxg5 39.Rf1 Reg8 40.g3 Qg6 41.Be7 Rf5 42.Rxf5 exf5 43.Qf1 Re8
44.Qf4 Qg5 45.Qxg5 fxg5 46.Bxg5 Rxe3 47.Bxe3 Kg7 48.Kg2 Be6 49.a3 Kf6 50.Bf4 Bd5+
51.Kf2 Ke6 52.Be5 Be4 53.Ke3 Bg2 54.h4 Bh3 55.Kd3 Bf1+ 56.Kc3 Kd7 57.Kb4 Kc8
58.Ka5 Bc4 59.b4 Bb3 60.a4 Bc4 61.Kb6 Bb3 62.Ka5 Bc4 63.Bf4 Kd7 64.Kb6 Kc8
65.Bd2 Bb3 66.Ka5 Bc4 67.Bf4 Kd7 68.Kb6 Kc8 69.Bd2 Bb3 70.b5 Bxa4 71.bxa6 bxa6
72.Kxa6 Bb3  1/2-1/2

[Event "Bundesliga 2013-14"]
[Site "Emsdetten GER"]
[Date "2013.10.13"]
[Round "2"]
[White "Ribli,Z"]
[Black "Spoelman,W"]
[Result "0-1"]
[WhiteElo "2584"]
[BlackElo "2578"]

1.Nf3 d5 2.c4 c6 3.e3 Nf6 4.Nc3 e6 5.d4 Nbd7 6.Bd3 Bd6 7.e4 dxe4 8.Nxe4 Nxe4
9.Bxe4 Nf6 10.Bc2 c5 11.O-O O-O 12.Qd3 h6 13.Rd1 cxd4 14.Nxd4 Qc7 15.g3 Bd7
16.b3 Rfd8 17.Bb2 Bc5 18.Qe2 Qb6 19.Rd2 e5 20.Qxe5 Re8 21.Qf4 g5 22.Qf3 Bg4
23.Qc3 Bb4 24.Qd3 Rad8 25.a3 Bxd2 26.Qxd2 Ne4 27.Qe3 Nxg3 28.Qxg3 Rxd4 29.Qc3 Red8
30.Be4 Bh3 31.Re1 Qe6 32.Bh7+ Kxh7 33.Rxe6 Rg4+ 34.Kh1 Bg2+ 35.Kg1 Rd1+ 36.Re1 Rxe1+
37.Qxe1 Be4+  0-1

[Event "Chigorin Memorial"]
[Site "St Petersburg RUS"]
[Date "2013.10.13"]
[Round "9.52"]
[White "Biriukov,O"]
[Black "Grinberg,E"]
[Result "1-0"]
[WhiteElo "2328"]
[BlackElo "2087"]

1.d4 d5 2.c4 c6 3.Nc3 Nf6 4.e3 e6 5.Nf3 Nbd7 6.Qc2 Bd6 7.Bd3 O-O 8.O-O dxc4
9.Bxc4 b5 10.Be2 Bb7 11.e4 e5 12.dxe5 Nxe5 13.Nd4 b4 14.Nf5 bxc3 15.Rd1 Ne8
16.Qxc3 Qf6 17.f4 Bc7 18.fxe5 Qxe5 19.Qxe5 Bxe5 20.Be3 Nf6 21.Bf3 Rfd8 22.Rac1 Rxd1+
23.Rxd1 a5 24.Bc5 g6 25.Ne3 Ba6 26.b3 Bb5 27.a4 Ba6 28.Nc2 Bc3 29.Bd4 Bxd4+
30.Nxd4 Rb8 31.Rc1 Bb7 32.Rc5 Nd7 33.Rxa5 c5 34.Nb5 Bc6 35.Na7 Ba8 36.Rb5 Rxb5
37.Nxb5 Bc6 38.Nc3 Ne5 39.Kf2 Kf8 40.Ke3 Ke7 41.Be2 Kd6 42.h3 h5 43.Kf4 f6
44.h4 Nf7 45.Bc4 Ne5 46.g3 Bd7 47.a5 g5+ 48.hxg5 fxg5+ 49.Kxg5 Nxc4 50.bxc4 Ke5
51.a6 Kd4 52.a7 Bc6 53.Kf6  1-0

[Event "TCh-SUI 2013"]
[Site "Switzerland SUI"]
[Date "2013.10.13"]
[Round "9.3"]
[White "Rufener,M"]
[Black "Borgo,G"]
[Result "0-1"]
[WhiteElo "2291"]
[BlackElo "2378"]

1.d4 d5 2.c4 e6 3.Nc3 c6 4.e3 Nf6 5.Nf3 Nbd7 6.Bd3 a6 7.e4 dxc4 8.Bxc4 c5
9.e5 Ng4 10.h3 cxd4 11.hxg4 dxc3 12.O-O b5 13.Bb3 Bb7 14.Qe2 Nc5 15.Bc2 Be7
16.bxc3 O-O 17.c4 b4 18.Rb1 Rb8 19.Rd1 Qc7 20.Nd4 Rfd8 21.f4 Nd7 22.Rb3 Bc5
23.Be3 Rbc8 24.Bf2 Nf8 25.Rbd3 Ng6 26.Qd2 Be7 27.Bg3 Be4 28.Nb3 Bxd3 29.Bxd3 a5
30.Qe2 a4 31.Nc1 Rd4 32.Rf1 Nf8 33.f5 Bg5 34.Bf2 Rdd8 35.Qe4 g6 36.Kh1 Nd7
37.fxe6 fxe6  0-1

[Event "3rd Central Asia Cup"]
[Site "Dushanbe TJK"]
[Date "2013.10.15"]
[Round "4.7"]
[White "Jumaev,O"]
[Black "Maznitsin,A"]
[Result "0-1"]
[WhiteElo "2167"]
[BlackElo "2306"]

1.d4 d5 2.c4 c6 3.Nf3 Nf6 4.e3 e6 5.Nc3 Nbd7 6.Bd3 dxc4 7.Bxc4 b5 8.Bd3 Bb7
9.O-O Bd6 10.Qe2 O-O 11.Rd1 Qc7 12.Bd2 a6 13.h3 c5 14.Rac1 c4 15.Bc2 e5 16.e4 exd4
17.Nxd4 Rfe8 18.Be3 Nxe4 19.Nf5 Bh2+ 20.Kf1 Ndf6 21.Rd4 Nc5 22.Rg4 Nxg4 23.Qxg4 Be5
24.f4 Bf6 25.Bxc5 Qxc5 26.Qh5 Kh8 27.Rd1 g6 28.Qh6 Rad8 29.Rxd8 Rxd8 30.Be4 Bxe4
31.Nxe4 Qxf5  0-1

[Event "Indonesia Open 2013"]
[Site "Jakarta INA"]
[Date "2013.10.15"]
[Round "8.26"]
[White "Khusnutdinov,R"]
[Black "Margana,A"]
[Result "1/2-1/2"]
[WhiteElo "2509"]
[BlackElo "2203"]

1.d4 d5 2.c4 c6 3.Nc3 Nf6 4.e3 e6 5.Nf3 dxc4 6.Bxc4 b5 7.Bb3 Bb7 8.O-O a6
9.e4 c5 10.e5 Ne4 11.Bc2 Nxc3 12.bxc3 cxd4 13.cxd4 Be7 14.Be3 Nd7 15.Nd2 Nb6
16.Qg4 Kf8 17.Rac1 h5 18.Qe2 Ba3 19.Rb1 Bd5 20.Bb3 Rc8 21.Qd3 Be7 22.Rfc1 g6
23.Ne4 Kg7 24.h3 Rxc1+ 25.Rxc1 Qa8 26.Bxd5 Nxd5 27.Bd2 Rc8 28.Re1 Rc4 29.g4 hxg4
30.hxg4 Ra4 31.Kg2 Rxa2 32.Qf3 Rxd2 33.Nxd2 Bb4 34.Rd1 Bxd2 35.Rxd2 a5 36.Kg3 a4
37.Qh1 Qh8 38.Qf1 Qh6 39.f4 g5 40.fxg5 Qxg5 41.Rf2 f5 42.Qxb5 Qxg4+ 43.Kh2 Qh5+
44.Kg1 Qd1+ 45.Kh2 Qh5+ 46.Kg1 Qd1+  1/2-1/2

[Event "Indonesia Open 2013"]
[Site "Jakarta INA"]
[Date "2013.10.15"]
[Round "8.41"]
[White "Le Tuan Minh"]
[Black "Suyud,H"]
[Result "1-0"]
[WhiteElo "2327"]
[BlackElo "2226"]

1.d4 d5 2.c4 c6 3.Nc3 Nf6 4.e3 e6 5.Nf3 Nbd7 6.Bd3 dxc4 7.Bxc4 b5 8.Bd3 Bb7
9.e4 b4 10.Na4 c5 11.e5 Nd5 12.O-O cxd4 13.Nxd4 Be7 14.Qh5 g6 15.Qh3 Nxe5
16.Bb5+ Kf8 17.Bh6+ Kg8 18.Rfe1 Bg5 19.Nxe6 fxe6 20.Qxe6+ Nf7 21.Be8 Qf6
22.Bxf7+ Qxf7 23.Bxg5 h6 24.Nc5 Qxe6 25.Rxe6 hxg5 26.Rxg6+ Kf7 27.Rd6 Bc6
28.Rxc6 Rac8 29.Rxc8 Rxc8 30.Nd3 Rc2 31.Rc1 Rd2 32.Ne5+ Ke6 33.Nc4 Rd4 34.g3 Nf6
35.Kf1 Ne4 36.Ke2 g4 37.Rc2 Ng5 38.Ne3 Nh3 39.Rc6+ Ke5 40.Rc1 Ke6 41.Rd1 Re4
42.f3 gxf3+ 43.Kxf3 Ng5+ 44.Ke2 Nf7 45.Kf3 Ng5+ 46.Kf2 Re5 47.Rd4 a5 48.Ke2 Nf7
49.h4 Nd6 50.g4 Rc5 51.Kf3 Rc1 52.Rd1 Rc8 53.Re1 Nf7 54.Nc4+ Kf6 55.g5+ Kf5
56.b3 Rc7 57.Kg3 a4 58.Rf1+ Kg6 59.Kg4 axb3 60.h5+ Kg7 61.axb3 Rd7 62.Rf4 Nd8
63.Ne3 Nc6 64.Nf5+ Kg8 65.g6 Rd1 66.Kg5 Ne5 67.Ne7+  1-0

[Event "Indonesia Open 2013"]
[Site "Jakarta INA"]
[Date "2013.10.16"]
[Round "9.3"]
[White "Mareco,S"]
[Black "Dao Thien Hai"]
[Result "1/2-1/2"]
[WhiteElo "2565"]
[BlackElo "2500"]

1.d4 d5 2.c4 c6 3.Nc3 Nf6 4.e3 e6 5.Nf3 Nbd7 6.Qc2 Bd6 7.Be2 O-O 8.O-O dxc4
9.Bxc4 b5 10.Be2 Bb7 11.e4 e5 12.dxe5 Nxe5 13.Nd4 Ng6 14.Nf5 Qc7 15.Nxd6 Qxd6
16.Be3 Qe7 17.f3 a6 18.Rfe1 Rac8 19.Bf1 Rfd8 20.Rac1 Ne5 21.a4 h6 22.Nb1 Qb4
23.Bb6 Re8 24.Bc5 Qa5 25.b4 Qc7 26.Nd2 Rcd8 27.Nb3 bxa4 28.Na5 Bc8 29.Ra1 Rd7
30.Rxa4 Red8 31.Be3 g5 32.Qc3 Nh5 33.Nc4 Nxc4 34.Bxc4 Rd1 35.Ra1 Rxe1+ 36.Rxe1 Qe7
37.Bf1 Qf6 38.Qxf6 Nxf6 39.Ra1 Bb7 40.Kf2 Ne8 41.h4 f6 42.hxg5 hxg5 43.Bxa6 Bxa6
44.Rxa6 Rc8 45.Bc5 Kf7 46.Ke3 Ng7 47.Ra7+ Kg6 48.Re7 Nh5 49.e5 Nf4 50.Rd7 Re8
51.g3  1/2-1/2

[Event "Pankrac Cup 2013"]
[Site "Prague CZE"]
[Date "2013.10.16"]
[Round "6"]
[White "Pesout,J"]
[Black "Kratochvil,Ja"]
[Result "1/2-1/2"]
[WhiteElo "2211"]
[BlackElo "2141"]

1.Nf3 d5 2.d4 e6 3.c4 c6 4.e3 Nf6 5.Nc3 Bd6 6.Bd3 O-O 7.O-O Nbd7 8.e4 dxe4
9.Nxe4 Nxe4 10.Bxe4 h6 11.b3 Qc7 12.Bb2 Be7 13.Rc1 Bf6 14.Bb1 Rd8 15.Qc2 Nf8
16.Rfe1 c5 17.Rcd1 cxd4 18.Nxd4 Bd7 19.Qe4 e5 20.Nf5 Bxf5 21.Qxf5 Rxd1 22.Rxd1 Rd8
23.Rxd8 Qxd8 24.Qd3 Qxd3 25.Bxd3 Ne6 26.Ba3 b6 27.Kf1 Nc5 28.Ke2 Kf8 29.Be4 Be7
30.Bd5 Ne6 31.Bb2 Nd4+ 32.Kd3 f6 33.g4 Bc5 34.Bc3 a5 35.f4 Ke7 36.h3 g5 37.fxe5 fxe5
38.Ke4 Kf6 39.Bb7 Ke6 40.Bc8+ Kf6 41.Kd5 Ba3 42.Bd7 Bc5 43.Bxa5 Ne2 44.Bd2 Nf4+
45.Ke4 Nxh3 46.Bc3 Nf2+ 47.Kd5 Nd3 48.a4 Nf4+ 49.Ke4 Bd6 50.a5 bxa5 51.Bxa5 Ke7
52.Bf5 h5 53.gxh5 Nxh5 54.Be1 Nf6+ 55.Kd3 Bc5 56.b4 Bd4 57.b5 Kd6 58.Bb4+ Bc5
59.Bd2 g4 60.Be1 Bd4 61.Bh4 Kc5 62.Be6 e4+ 63.Ke2 Kd6 64.Bf5 Kc5  1/2-1/2

[Event "Indonesia Open 2013"]
[Site "Jakarta INA"]
[Date "2013.10.17"]
[Round "11.10"]
[White "Iturrizaga,E"]
[Black "Stefanova,A"]
[Result "1/2-1/2"]
[WhiteElo "2658"]
[BlackElo "2496"]

1.d4 d5 2.c4 c6 3.Nc3 Nf6 4.Nf3 e6 5.e3 a6 6.b3 Bb4 7.Bd2 Nbd7 8.Bd3 O-O
9.O-O Bd6 10.Rc1 e5 11.cxd5 cxd5 12.dxe5 Nxe5 13.Nxe5 Bxe5 14.Ne2 Bg4 15.f3 Bd7
16.Bc3 Qe7 17.Qd2 Rfe8 18.Bb4 Qd8 19.Bc3 Qe7 20.Bb4 Qd8 21.Bc3 Qe7  1/2-1/2

[Event "SPICE Cup Open 2013"]
[Site "St Louis USA"]
[Date "2013.10.18"]
[Round "6.13"]
[White "Tang,Andrew"]
[Black "Sevian,Samuel"]
[Result "0-1"]
[WhiteElo "2174"]
[BlackElo "2393"]

1.d4 d5 2.c4 e6 3.Nc3 c6 4.e3 Nf6 5.Nf3 Nbd7 6.Qc2 Bd6 7.Be2 O-O 8.O-O dxc4
9.Bxc4 b5 10.Be2 Bb7 11.Rd1 Qb8 12.e4 e5 13.g3 Re8 14.dxe5 Nxe5 15.Nd4 b4
16.Nf5 Bf8 17.Na4 c5 18.f3 Qc7 19.Bf4 Qc6 20.b3 Ng6 21.Be3 Re5 22.Nb2 Nxe4
23.fxe4 Rxf5 24.Nc4 Qxe4 25.Qxe4 Bxe4 26.Nd6 Bxd6 27.Rxd6 Re8 28.Bb5 Rb8
29.Be2 Re5 30.Kf2 Rbe8 31.Bb5 Rc8 32.Rc1 h5 33.Bd2 Bf5 34.Ba6 Rce8 35.Rc6 Bg4
36.Kg1 Rd5 37.Bc4 Rxd2 38.Rxg6 Bf3 39.Ra6 Rg2+ 40.Kf1 Rxh2 41.Rxa7 Kh7 42.Rxf7 Rh1+
43.Kf2 Rxc1 44.Kxf3 Kh6 45.Rc7 Rc3+ 46.Kf2 Rf8+ 47.Kg2 Rff3 48.Rxc5 Rxg3+  0-1

[Event "TCh-Belgrade Premier liga 2013"]
[Site "Belgrade SRB"]
[Date "2013.10.19"]
[Round "8.3"]
[White "Jovic,A"]
[Black "Andrejic,V"]
[Result "1/2-1/2"]
[WhiteElo "2388"]
[BlackElo "2210"]

1.Nf3 d5 2.c4 c6 3.e3 Nf6 4.d4 e6 5.Nc3 Nbd7 6.Bd3 dxc4 7.Bxc4 b5 8.Be2 a6
9.O-O Bb7 10.Nd2 c5  1/2-1/2

[Event "SPICE Cup Open 2013"]
[Site "St Louis USA"]
[Date "2013.10.19"]
[Round "8.13"]
[White "Chiang,S"]
[Black "Sevian,Samuel"]
[Result "1/2-1/2"]
[WhiteElo "2102"]
[BlackElo "2393"]

1.d4 d5 2.c4 e6 3.Nc3 c6 4.e3 Nf6 5.Nf3 Nbd7 6.Qc2 Bd6 7.b3 O-O 8.Be2 e5
9.cxd5 cxd5 10.Nb5 Bb4+ 11.Bd2 Bxd2+ 12.Nxd2 a6 13.dxe5 Nxe5 14.Nd4 Bg4 15.Bxg4 Nfxg4
16.O-O Rc8 17.Qf5 Re8 18.N2f3 g6 19.Qf4 Nxf3+ 20.Qxf3 Ne5 21.Qe2 Qc7 22.Qd2 Qe7
23.Rac1 Qh4 24.h3 h5 25.Rc3 Qe4 26.Rfc1 Rxc3 27.Rxc3 Re7 28.Rc8+ Kh7 29.Qc3 f6
30.Ra8 Nf7 31.Qc8 Qe5 32.Nf3 Qe6 33.Qg8+ Kh6 34.Qf8+ Kh7 35.Nh4 f5 36.Qg8+ Kh6
37.Nxg6 Rc7 38.Nf4 Qf6 39.Re8 Rc6 40.Nxd5 Qg7 41.Qxg7+ Kxg7 42.Re7 b5 43.Rc7 Rd6
44.Nf4 h4 45.Kf1 Kf6 46.Ke2 Ng5 47.Nd3 Ne4 48.a4 b4 49.f3 Nc3+ 50.Kd2 Nb1+
51.Kc2 Na3+ 52.Kd2 Nb1+ 53.Kc2 Na3+ 54.Kd2 Nb1+  1/2-1/2

[Event "TCh-AUT 2nd West 2013-14"]
[Site "Austria AUT"]
[Date "2013.10.20"]
[Round "3.5"]
[White "Mira,H"]
[Black "Heinzel,O"]
[Result "0-1"]
[WhiteElo "2070"]
[BlackElo "2370"]

1.Nf3 d5 2.d4 Nf6 3.c4 e6 4.Nc3 c6 5.e3 Nbd7 6.Qc2 Bd6 7.Bd3 O-O 8.O-O dxc4
9.Bxc4 e5 10.dxe5 Nxe5 11.Nxe5 Bxe5 12.f4 Bc7 13.Kh1 Ng4 14.g3 Bb6 15.Re1 Re8
16.Nd1 Be6 17.Bxe6 Rxe6 18.h3 Nf6 19.e4 Nxe4  0-1

[Event "TCh-Belgrade Premier liga 2013"]
[Site "Belgrade SRB"]
[Date "2013.10.20"]
[Round "9.2"]
[White "Dimic,P"]
[Black "Velikic,A"]
[Result "1-0"]
[WhiteElo "2243"]
[BlackElo "2045"]

1.d4 d5 2.c4 c6 3.Nf3 Nf6 4.e3 e6 5.Nc3 Nbd7 6.Bd3 dxc4 7.Bxc4 b5 8.Be2 Bb7
9.O-O Be7 10.a3 a6 11.b4 a5 12.Rb1 axb4 13.axb4 Nb6 14.Bd2 Nfd5 15.Ne4 Qc7
16.Qc1 O-O 17.Nc5 Nd7 18.e4 Nxc5 19.dxc5 Nf6 20.Bf4 Qd8 21.Qc2 Ra4 22.Rfd1 Qa8
23.Rb2 Rd8 24.Rxd8+ Bxd8 25.Bd3 Ra1+ 26.Rb1 Ra2 27.Qd1 Ng4 28.Bc2 Nf6 29.Be5 Ne8
30.Bb2 Bf6 31.e5 Bd8 32.Qd3 g6 33.Bb3 Ra7 34.Nd2 Nc7 35.Ne4 Nd5 36.Qd4 Bc8
37.Nd6 Bd7 38.Rd1 Be7 39.h4 Qf8 40.Bxd5 exd5 41.e6  1-0

[Event "TCh-CZE Zapad 2013-14"]
[Site "Czech Rep CZE"]
[Date "2013.10.20"]
[Round "1.6"]
[White "Forman,S"]
[Black "Kucera,P3"]
[Result "0-1"]
[WhiteElo "2310"]
[BlackElo "2224"]

1.Nf3 Nf6 2.d4 d5 3.c4 e6 4.Nc3 c6 5.e3 Nbd7 6.Bd3 Be7 7.e4 dxe4 8.Nxe4 Nxe4
9.Bxe4 Nf6 10.Bc2 O-O 11.O-O c5 12.b3 b6 13.Bb2 Bb7 14.Ne5 Qc7 15.Qe2 Rad8
16.Rad1 cxd4 17.Bxd4 Bc5 18.Bc3 a5 19.Bd3 Rfe8 20.Rfe1 Kf8 21.Kh1 Bd4 22.Qb2 Bxc3
23.Qxc3 Qc5 24.f3 Rd6 25.Qb2 Red8 26.a3 Nh5 27.b4 Qd4 28.Qxd4 Rxd4 29.Bc2 f6
30.Ng4 Rxd1 31.Rxd1 Rxd1+ 32.Bxd1 axb4 33.axb4 Nf4 34.Bc2 h5 35.Nf2 h4 36.h3 Ne2
37.Bd3 Nf4  0-1

[Event "3rd Central Asia Cup"]
[Site "Dushanbe TJK"]
[Date "2013.10.20"]
[Round "9.6"]
[White "Khamdamov,S"]
[Black "Onischenko,A"]
[Result "1-0"]
[WhiteElo "2292"]
[BlackElo "2094"]

1.Nf3 Nf6 2.c4 e6 3.Nc3 d5 4.d4 c6 5.e3 Nbd7 6.Bd3 dxc4 7.Bxc4 b5 8.Bd3 a6
9.e4 c5 10.d5 c4 11.Bc2 Qc7 12.O-O Bd6 13.Bg5 O-O 14.dxe6 fxe6 15.Qe2 Bb7
16.Rad1 Bc5 17.Bh4 Nh5 18.Ng5 Nf4 19.Qg4 Rae8 20.Bg3 Rf6 21.Nxh7 Kxh7 22.e5+  1-0

[Event "1st La Dame Noire Masters"]
[Site "Montigny-le-Bretonneux FRA"]
[Date "2013.10.20"]
[Round "2.4"]
[White "Valuet,B"]
[Black "Lamorelle,J"]
[Result "1-0"]
[WhiteElo "2300"]
[BlackElo "2326"]

1.d4 d5 2.c4 c6 3.Nc3 Nf6 4.e3 e6 5.Nf3 Nbd7 6.Bd3 dxc4 7.Bxc4 b5 8.Bd3 Bb7
9.e4 b4 10.Na4 c5 11.e5 Nd5 12.O-O h6 13.Re1 Rc8 14.Qe2 Bc6 15.Nxc5 Nxc5
16.dxc5 Bxc5 17.Bd2 Qb6 18.a3 O-O 19.Rec1 Rfd8 20.Be4 b3 21.Qe1 Ne7 22.Rc4 Bxe4
23.Rxe4 Rd3 24.Kf1 Bd4 25.Qe2 Bxb2 26.Rb1 Rxd2 27.Nxd2 Rc2 28.Qd3 Nd5 29.Rc4 Bxa3
30.Rxb3 Rxc4 31.Nxc4  1-0